Solda arayışları (Record no. 1087)

MARC details
000 -BAŞLIK
Sabit Uzunlukta Kontrol Alanı 00829na a2200277 4500
001 - KONTROL NUMARASI
Denetim Alanı 17629
003 - KONTROL NUMARASI IDENTIFIER
Denetim Alanı MIRAKIL
005 - SON İŞLEM TARİHİ VE ZAMANI
Denetim Alanı 20181213154811.0
008 - SABİT-BOY VERİ ELEMANLARI - GENEL BİLGİLER
Sabit Uzunlukta Kontrol Alanı 161031b tu 000 0
020 ## - ULUSLARARASI STANDART KİTAP NUMARASI
Uluslararası Standart Kitap Numarası 975802817X
035 ## - SİSTEM KONTROL NUMARASI
Sistem Kontrol Numarası 17629
040 ## - KATALOGLAMA KAYNAK
Orijinal Kataloglama Ajansı Milas
Kataloglama Dili tur
Metne Dönüştürmek Ajansı TR-AnCHP
041 ## - DİL KODU
Metin / Ses Parça Veya Ayrı Başlığın Dil Kodu tur
082 ## - DEWEY ONLU SINIFLANDIRMA NUMARASI
Sınıflandırma Numarası 338.6046
Ürün Numarası E53s 1996
090 ## - SINIFLAMA NUMARASI
Sınıflama Numarası 338.6046 E53s 1996
100 ## - ANA GİRİŞ - KİŞİSEL İSİM
Kişisel Ad Engin, Aydın
245 ## - BAŞLIK TABLOSU
Başlık Solda arayışları
Başlığın Kalan Komünist partilerin ardılları, özelleştirme, sosyal demokratların çıkmazı
Sorumluluk Tablosu, Vb Aydın Engin
260 ## - YAYIN, DAĞITIM, VB
Yayın, Dağıtım, Vb Yeri İstanbul
Yayıncı, Dağıtıcı, Vs Adı Güncel yayıncılık
Yayın, Dağıtım, Vb Tarihi 1996
300 ## - FİZİKSEL TANIM
Kapsam 136 s.
Boyutlar 20 sm.
440 ## - SERİSİ TABLOSU / KATMA GİRİŞİ - BAŞLIK
Başlık Güncel yayıncılık
Hacim / Ardışık Tanımı 14
490 ## - SERİSİ TABLOSU
Seri Beyanı Araştırma Kitaplığı
Hacim / Ardışık Tanımı 2
650 ## - KONU KATMA GİRİŞ - TOPİKAL DÖNEM
Topikal Süreli Veya Coğrafi Ad Giriş Elemanı Sosyal demokrasi
Genel Alt Bölümü Sorunlar
650 ## - KONU KATMA GİRİŞ - TOPİKAL DÖNEM
Topikal Süreli Veya Coğrafi Ad Giriş Elemanı Özelleştirme
650 ## - KONU KATMA GİRİŞ - TOPİKAL DÖNEM
Topikal Süreli Veya Coğrafi Ad Giriş Elemanı Komünist düzen
Genel Alt Bölümü Dağılma
942 ## - EKLENDİ GİRİŞ ELEMANLARI (KOHA)
Sınıflandırma Veya Raf Düzeni Kaynak Dewey Decimal Classification
Koha Öğesi Türü Books
999 ## - SİSTEM KONTROL NUMARALARI (KOHA)
Koha Biblionumber 1087
Koha Biblioitemnumber 1087
Holdings
Kalıcı Konum Mevcut Konum Edinme Tarihi Edinim Kaynak Toplam Check-Out'Lar Tam Çağrı Numarası Barkod Tarih Son Görülme İtibaren Geçerli Fiyatlar Koha Öğesi Türü
CHP Kütüphanesi CHP Kütüphanesi 10/31/2016 Bağış   338.6046 E53s 1996 005929 10/31/2016 10/31/2016 Books